000
00336nam a2200133Ia 4500
008
220216s9999 xx 000 0 und d
100
_a
Dey S K
245
0
_a
North eastern research complex
260
_b
Indian Rubber Journal
_c
2005
300
_a
64-65
650
_a
North eastern region
650
_a
Rubber cultivation
942
_c
JS
999
_c
64032
_d
64032